000 00959nam0a22002411 4500
001 rc\130930
005 20030307112158.2
035 _a(NLR Aleph) 005405468
090 _a7317962
_c7317962
100 _a20030307d1992 u |0rusy50 ca
101 0 _arus
102 _aRU
105 _aa |||||||||
200 1 _aЧИСЛОВЫЕ системы. Счетные и несчетные множества
_eМетод. рекомендации
_fМ-во образования Рос. Федерации. Ряз. гос. пед. ин-т им. С.А. Есенина
_g[Сост. А.П. Дмитриев, к. ф.-м. н., доц.]
210 _aРязань
_cРГПИ
_d1992
215 _a70 с.
_cил.
_d20
702 1 _aДмитриев
_bА. П.
_4220
712 0 2 _aРязанский пед. ин-т им. С.А.Есенина
_3RU\NLR\AUTH\884184
801 0 _aRU
_bNLR
_gpsbo
801 1 _aRU
_bELAR
_2rusmarc
852 _aNLR
_j91-4/15880
942 _cBOOK
980 _aNB